|
|
|
|
| LEADER |
00000njm a2200000 i 4500 |
| 001 |
1/73643 |
| 007 |
sd fs gn m ed |
| 008 |
050317s1991 us eng d |
| 028 |
0 |
1 |
|a COL 4688512
|
| 035 |
|
|
|l 10077150
|
| 040 |
|
|
|a GR-MY-UA
|b gre
|e aacr
|
| 041 |
0 |
|
|a eng
|g eng
|
| 082 |
0 |
|
|a 781.66
|2 (21η εκδ.)
|
| 100 |
1 |
|
|a Carey, Mariah.
|
| 245 |
1 |
0 |
|a Emotions
|h [ηχογράφηση] /
|c Mariah Carey
|
| 260 |
|
|
|a [New York] :
|b Columbia,
|c 1991
|
| 300 |
|
|
|a 1 δίσκος CD;
|c 4 3/4 ίν.+
|e 1 φυλλάδιο με τους στίχους των τραγουδιών
|
| 505 |
0 |
|
|a Emotions - And you don't remember - Can't let go - Make it happen - If it's over - You're so cold - So blessed - To be around you - Till the end of time - The wind
|
| 650 |
0 |
0 |
|a Rock music
|y 1991-2000.
|
| 650 |
0 |
0 |
|a Soul music.
|
| 852 |
|
|
|a INST
|b RHODES
|c AV
|e 20050317
|h 781.66 CAR
|p 005400013130
|q 005400013130
|t CD
|y 23
|
| 901 |
|
|
|a BIBL4-2005-1
|
| 909 |
|
|
|a Ρ
|b 078461
|
| 922 |
|
|
|a 4ΕΛΗ
|b 199502
|c ΒΙΒΛΙΟΘΗΚΗ
|
| 970 |
|
|
|a ΣΜΠΙΛΗ
|b ΕΛΕΝΗ
|z 2005/03/17
|